000 00949nam a2200241 a 4500
001 000030286
003 OSt
005 20240409123744.0
008 110509s1937 dr r 000 0 spa d
040 _aDO-SdBNP
_bspa
_cBNPHU
082 4 _a972.9304
_bP349e
_222
100 1 _aPeña Batlle, Manuel A.
_954091
245 1 0 _aEnriquillo o el germen de la teoría moderna del derecho de gentes /
_cManuel A. Peña Batlle.
260 _aCiudad Trujillo, República Dominicana :
_bImprenta J. R. vda. García, Sucesores,
_c1937.
300 _a33 p. ;
_c22 cm.
500 _a(Extr."Clío", Academia Dominicana de la Historia, enero-febrero 1937)
500 _aIncluye referencias bibliográficas y notas al pie de las páginas
590 _aInventariado, 2018/LP
600 0 _aENRIQUILLO
_cCACIQUE
_d¿-1535
_914941
651 0 _aRepública Dominicana --
_xHistoria --
_yHasta, 1844
_9138
910 _aValidado. Control de calidad MFF
942 _2ddc
_cLBS1
999 _c29778
_d29778